000 00693nam a2200289Ia 4500
008 160716s9999||||xx |||||||||||||| ||und||
040 _cEnglish
082 _aXI.A/Roy
082 _bBORI-85624
100 _aM. N Roy
245 _aScientific Politics
260 _aDehradun
260 _bThe indian Renaissance Association Ltd
260 _c1942
300 _a226
300 _cA
300 _ePaperback
530 _u00085624.pdf
563 _aStudy
600 _aM. N Roy
630 _aScientific Politics
650 _aGeneral Indology
650 _aPolitics History and Historiography
700 _aM. N Roy
730 _aScientific Politics
942 _cBOOK
999 _c1398922
_d1398919